Culture Générale - Série 1609 - Statistiques

Statistiques générales
  • Ce quiz a été pris 142 fois
  • Le résultat moyen est 5 sur 10
Statistiques - réponses
Question Réponse % Correct
Quel fruit tire son nom du latin “fragum” ? fraise
86%
Quel fruit rouge est appelé "blackberry" en anglais ? mûre
80%
Ce héros animé n'est "pas de notre galaxie mais du fond de la nuit... descend jusqu'ici pour sauver tous les hommes". Qui est-ce ? Capitaine Flam
67%
Dans l'album de Tintin “Les Bijoux de la Castafiore”, comment se prénomme l'habilleuse de la diva ? indice : "La douce" Irma
53%
Quelle chroniqueuse de télévision, présentatrice en 1992 de l'émission "Frou-Frou", a publié le roman "Foudre" en mai 2010 ? Christine Bravo
52%
De quel groupe de rock irlandais, Larry Mullen Jr est-il le batteur ? U2
47%
Comment appelle-t-on les habitants de la ville du Mans ? Manceaux
46%
De quelle plante potagère, la “violette de Barbentane”, “Violette de Florence” et la “Dourga” sont-elles des variétés ? aubergine
24%
Sous quel nom connait-on mieux le chanteur Claude Dhotel ? C Jerome
21%
Quelle ancienne gagnante de la Star Academy fait ses débuts au cinéma aux côtés de Catherine Deneuve, dans "Potiche" de François Ozon ? Élodie Frégé
20%
Aucun quiz correspondant
Distribution des résultats
% des personnes avec chaque résultat
Percentile par nombre de réponses
Votre historique - résultats
Vous n’avez pas pris ce quiz